Romanian Cities by their Ukrainian Names - Statistics

General Stats
  • This quiz has been taken 22 times
  • The average score is 11 of 15
Answer Stats
Ukrainian city name Romanian city name % Correct
Bukharest București
100%
Kluzh-Napoka Cluj-Napoca
100%
Krayova Craiova
100%
Timishoara Timișoara
100%
Yassi Iași
94%
Oradya Oradea
82%
Breyila Brăila
76%
Suchava Suceava
76%
Kelerashi Călărași
65%
P'yatra-Nyamts Piatra Neamț
65%
Reshitsa Reșița
65%
Lugozh Lugoj
59%
Birlad Bârlad
53%
Dzhurdzhu Giurgiu
53%
Rymniku-Vylcha Râmnicu Vâlcea
53%
No matching quizzes found
Score Distribution
Percent of People with Each Score
Percentile by Number Answered
Your Score History
You have not taken this quiz